MDQL
is popping MORE tags! Check the
thread
!
Quizzes
Events
Quiz Creation
Community
Videos
Private Events
Remove Ads
Sign In
Join for FREE
Feedback
Dark Mode
Quiz Categories
Sports
Geography
Music
Movies
Television
Just For Fun
Miscellaneous
History
Literature
Language
Science
Gaming
Entertainment
Religion
Holiday
For Kids
Quiz Lab
Recent
Popular Today
Quiz Kudos Today
Editor Picks
Curator Picks
Quizzes by...
Day
Popularity
Type
Ratings
Length
Year
Community
Subscriptions
Recent Discussions
Orange Saloon
Badges
Playlists
Quests
Create
Leaderboards
Showdown
Live 5
Trivia Bingo
Activity
Puzzle Library
Sporcle Events
Private Events
Virtual Trivia
Globe League
Become a Host
Pub Owners
SporcleCon
Opinionation
Our Games
Videos
Blog
Mobile Apps
Partnerships
Remove Ads and Go Orange
Feedback
Sports
Athletes
MLB
NBA
NHL
NFL
Soccer
Sports Teams
WWE
NCAA
Football
Premier League
Basketball
Baseball
Hockey
Golf
Tennis
Cricket
Rugby
Auto Racing
Olympics
World Cup
Sports
Athletes
MLB
NBA
NHL
NFL
Soccer
Sports Teams
WWE
NCAA
Football
Premier League
Basketball
Baseball
Hockey
Golf
Tennis
Cricket
Rugby
Auto Racing
Olympics
World Cup
Random Quiz
Search Sporcle
×
Quiz Lab
Quiz Lab
Sports
Numbers
Type in answers that appear in a list
Type in answers that appear in a list
Classic
Best Score? Go Orange.
NBA Jersey Numbers Stats
Can you name the an NBA player for every number?
By
lftyg33
8m
54 Questions
767 Plays
767 Plays
767 Plays
Comments
Comments
Give Quiz Kudos
Give Quiz Kudos
-
- Ratings
hide this ad
More Info
Forced Order
Answers have to be entered in order
Answers have to be entered in order
Replay
Link that replays current quiz
Next Quiz
Link to next quiz in quiz playlist
You Got
0%
They Got
Avg Score
18%
Avg Friend Score
Upgrade to see
Score Distribution
Jump to the score distribution portion of the page
Score
0/54
Timer
08:00
0
Plays Today
Number
Player
% Correct
0
Russell Westbrook
91.4%
1
Derrick Rose
72.1%
3
Chris Paul
70.3%
23
LeBron James
47.8%
24
Kobe Bryant
42.4%
5
Kevin Garnett
40%
2
Jason Kidd
36.1%
4
Chris Bosh
33.6%
9
Tony Parker
30.9%
13
Steve Nash
28.3%
21
Tim Duncan
24.9%
15
Carmelo Anthony
24.1%
20
Manu Ginobili
24%
35
Kevin Durant
23.7%
12
Dwight Howard
23.6%
7
Brandon Roy
22.9%
8
Monta Ellis
22%
30
David West
21.3%
33
Danny Granger
21%
34
Devin Harris
20.7%
41
Dirk Nowitzki
19%
16
Pau Gasol
18.6%
11
Yao Ming
18.5%
10
Mike Bibby
15.6%
6
Tyson Chandler
15.4%
22
Michael Redd
14.6%
42
Elton Brand
14.1%
Number
Player
% Correct
50
Zach Randolph
13.6%
17
Andrew Bynum
13.3%
32
Richard Hamilton
11.7%
37
Ron Artest
11.6%
14
Al Thornton
10.8%
31
Jason Terry
10.7%
47
Andrei Kirilenko
10.4%
25
Al Jefferson
8.6%
88
Nicolas Batum
8.3%
52
Greg Oden
7.7%
26
Hedo Turkoglu
7.6%
55
Roy Hibbert
7.6%
43
Kendrick Perkins
6.8%
18
Raja Bell
6.1%
92
DeShawn Stevenson
6.1%
44
Jason Williams
5.5%
40
Udonis Haslem
5.1%
27
Jordan Hill
4.3%
45
Rasual Butler
4%
77
Vladimir Radmanovic
4%
28
Ian Mahinmi
3.9%
72
Jason Kapono
3.8%
19
Beno Udrih
3%
36
Etan Thomas
2%
38
Kwame Brown
2%
54
Jason Maxiell
1.7%
29
Alando Tucker
1%
Quiz Playlist
Details
Report
Send in Message
Add To Playlist
More Info:
Guess 1 NBA player who has each of the following jersey numbers:
Classic:
Type in answers that appear in a list
Forced Order:
Answers have to be entered in order
Last Updated: Feb 16, 2017
Quiz Scoreboard
CHALLENGE
Sign Up to Join the Scoreboard
Show All
Scores
Hide
Comments
May contain spoilers
Recently Published
Holiday 10x10 Sorting Gallery
by lukepisani3
Holiday
15m
Two Season TV Shows II
by 123Four
Television
10m
Image Sorting: Flags VI
by Barbecue
Geography
2m
More to Explore
Quiz From the Vault
Featured Blog Post
14 Easter Pick-up Lines to Find Eggs With
hide this ad
You Might Also Like...
Tags
Basketball Quiz
NBA Quiz
Numbers Quiz
Jersey
Player
Today's Top Quizzes in Sports
Browse Sports
hide this ad
Today's Top Quizzes in Numbers
Browse Numbers
Top Contributed Quizzes in Sports
1
Les meilleurs buteurs des matchs entre le PSG et l’OM
2
Les entraîneurs de l'OM et du PSG au 21e siècle
3
2022 World Cup Stars
4
Les joueurs passés par le PSG et l'OM
5
Players with Multiple 50 Home Run Seasons
6
FIFA Club World Cup Champions
7
Top 10 NHL Goal Scorers of All Time
8
Les joueurs passés par le LOSC et le RC Lens
9
Criteria MLB: Left Handed Sluggers
10
2023 MLB Unique Player Accomplishments
Explore More
Trending Topics
Crossword
NBA
Kpop
Anime
Marvel
Disney
Harry Potter
Song
Puzzle
NFL
The Office
Soccer
Pokémon
WWE
Country
hide this ad
More By:
lftyg33
Quiz
Plays
Rating
Category
Featured
Created
NBA Jersey Numbers
767
2.67
Sports
Mar 5, 2010
Average Countries
633
4.56
Geography
May 4, 2010
MLB Prospects
509
5.00
Sports
Dec 29, 2009
MLB Prospects (Harder)
411
5.00
Sports
Dec 31, 2009
MLB Jersey Numbers
281
4.00
Sports
Apr 17, 2010
Go to Creator's Profile
Score Distribution
Quiz Creator Spotlight
lftyg33
Follow
Send a Message
Quizzes Created
-
Created Quiz Play Count
-
More By This Creator
Popular Quizzes Today
1
Find the US States - No Outlines Minefield
2
Colored Red Africa Blitz
3
Find the 'City' Movie
4
The Countries of the World
5
5x2 Blitz: Bands
6
Find the US States
7
Find the Countries of Europe - No Outlines Minefield
8
US States
More Sports Quizzes
2010s Premier League Table - Top 20
Curator's Pick
Trending Quizzes
Colored Red Europe Blitz I
Colored Red Europe Blitz II
Colored Red Africa Blitz II
Colored Red Europe Blitz III
Colored Red Africa Blitz III
Recently Updated
Odd Team Out - Big 4 Players
pecheneg
Quick Pick: 20 Twenties
pecheneg
March Madness Men's Triple Doubles
pecheneg
How Do You Spell That?
pecheneg
Godzilla Movies
pecheneg
Grab Bag: 4-10 Letters
pecheneg
2024 March Madness Bracket
pecheneg
Famous TV Couples
Peacemaker
Champions League XIs: Real Madrid
pecheneg
Largest US Cities 1790-2010
pecheneg
Trending Topics
Crossword
Disney
Marvel
Anime
Harry Potter
NBA
Kpop
The Office
Pokémon
NFL
Song
WWE
Country
Soccer
Puzzle
Your Account Isn't Verified!
In order to create a playlist on Sporcle, you need to verify the email address you used during registration. Go to your
Sporcle Settings
to finish the process.
Report this User
Report this user for behavior that violates our
Community Guidelines
.
Details:
Send Report
Go to the Sporcle.com Mobile Site →
Comments